Nile : because you love Ancient Egypt
محفوظ في:
التنسيق: كتاب
اللغة: Undetermined
منشور في:
2022
الوسوم: إضافة وسم
لا توجد وسوم, كن أول من يضع وسما على هذه التسجيلة!
رقم الطلب:
| LEADER | 00230nam a2200097Ia 4500 | ||
|---|---|---|---|
| 008 | 240503s9999||||xx |||||||||||||| ||und|| | ||
| 245 | 1 | 0 | |a Nile : because you love Ancient Egypt |
| 264 | 1 | |c 2022 | |
| 300 | |a 68 |c 30 | ||
| 942 | |2 lcc |c BK | ||
| 999 | |c 58347 |d 58347 | ||
